فن أشغال الصدف في عصر أسرة محمد على في ضوء مجموعات جديدة بمتاحف القاهرة : (رقم التسجيلة. 176405)
[ عرض عادي ]
| 000 -LEADER | |
|---|---|
| fixed length control field | 04901namaa22004211i 4500 |
| 003 - CONTROL NUMBER IDENTIFIER | |
| control field | OSt |
| 005 - أخر تعامل مع التسجيلة | |
| control field | 20251221111006.0 |
| 008 - FIXED-LENGTH DATA ELEMENTS--GENERAL INFORMATION | |
| fixed length control field | 250827s2024 ua a|||frm||| 000 0 eng d |
| 040 ## - CATALOGING SOURCE | |
| Original cataloguing agency | EG-GICUC |
| Language of cataloging | ara |
| Transcribing agency | EG-GICUC |
| Modifying agency | EG-GICUC |
| Description conventions | rda |
| 041 0# - LANGUAGE CODE | |
| Language code of text/sound track or separate title | ara |
| Language code of summary or abstract | ara |
| -- | eng |
| 049 ## - Acquisition Source | |
| Acquisition Source | إيداع |
| 082 04 - DEWEY DECIMAL CLASSIFICATION NUMBER | |
| Classification number | 745.55 |
| 092 ## - LOCALLY ASSIGNED DEWEY CALL NUMBER (OCLC) | |
| Classification number | 745.55 |
| Edition number | 21 |
| 097 ## - Degree | |
| Degree | مــــاجستير |
| 099 ## - LOCAL FREE-TEXT CALL NUMBER (OCLC) | |
| Local Call Number | Cai01.14.01.M.Sc.2024.أس.ف |
| 100 0# - MAIN ENTRY--PERSONAL NAME | |
| Authority record control number or standard number | ،أسما فاروق عبده البراوي |
| Preparation | إعداد. |
| 245 10 - TITLE STATEMENT | |
| Title | فن أشغال الصدف في عصر أسرة محمد على في ضوء مجموعات جديدة بمتاحف القاهرة : |
| Remainder of title | دراسة أثرية فنية / |
| Statement of responsibility, etc. | إعداد أسما فاروق عبده البراوي؛ إشراف أ.د/ جمال عبد الرحيم إبراهيم، أ.د/ شادية الدسوقي عبد العزيز كشك. |
| 246 15 - VARYING FORM OF TITLE | |
| Title proper/short title | The art of shell works in the era of the mohammad ali dynasty in light of new collections in cairo museums : |
| Remainder of title | An artistic archaeological study / |
| 264 #0 - PRODUCTION, PUBLICATION, DISTRIBUTION, MANUFACTURE, AND COPYRIGHT NOTICE | |
| Date of production, publication, distribution, manufacture, or copyright notice | 2024. |
| 300 ## - PHYSICAL DESCRIPTION | |
| Extent | 398 صفحة : |
| Other physical details | إيضاحيات ؛ |
| Dimensions | 30 cm. + |
| Accompanying material | CD. |
| 336 ## - CONTENT TYPE | |
| Content type term | text |
| Source | rda content |
| 337 ## - MEDIA TYPE | |
| Media type term | Unmediated |
| Source | rdamedia |
| 338 ## - CARRIER TYPE | |
| Carrier type term | volume |
| Source | rdacarrier |
| 502 ## - DISSERTATION NOTE | |
| Dissertation note | أطروحة (ماجستير)-جامعة القاهرة، 2024. |
| 504 ## - BIBLIOGRAPHY, ETC. NOTE | |
| Bibliography, etc. note | ببليوجرافيا: صفحات 369-398. |
| 520 ## - SUMMARY, ETC. | |
| Summary, etc. | المقدمة وتشتمل على تعريف أشغال الصدف وطرق الصناعة والفنون التي ظهر عليها وكذلك نبذة عن عصر أسرة محمد على ، كما تشتمل على أهمية البحث وأسباب اختياره وإشكالية البحث وصعوباته والدراسات السابقة ومنهجية البحث ، ويلي المقدمة التمهيد ويتضمن دراسة عصر أسرة محمد على واهتمامهم بالفنون ورعايتها وإنشاء القصور المتميزة واقتناء التحف القيمة النادرة التي ملأت المتاحف الكبرى في مصر. ثم بعد ذلك القسم الأول وفيه الدراسة الوصفية مدعومة بالصور للقطع الفنية الموجودة بالمتاحف المختلفة في القاهرة والتي تم تطعيمها بالصدف . القسم الثاني : الدراسة التحليلية عن المواد الخام (الصدف ــ العاج ــ العظم ) وما هو الصدف وطرق استخراجه وكيفية استخدامه وكذلك الطرق الصناعية والأساليب الزخرفية يلي ذلك العناصر الزخرفية والمتمثلة في الشارات والشعارات ،النقوش الكتابية، العناصر المعمارية ،الزخارف النباتية، وأخيرا الأشكال الهندسية وبعد ذلك المراكز الصناعية والطرز الفنية . |
| 520 ## - SUMMARY, ETC. | |
| Summary, etc. | The Introduction, which includes a definition of the shell works, manufacturing methods, and the arts that appeared on them, as well as a brief about the era of the Mohammad Ali Dynasty. It also includes the importance of the research, the reasons for choosing it, the problem of the research, its difficulties, previous studies, and the research methodology. The introduction is followed by the preface, which includes a study of the era of the Mohammad Ali Dynasty and their interest in the arts and their care, the establishment of distinguished palaces, and the acquisition of valuable and rare artifacts that filled the major museums in Egypt.Then the first section is the descriptive study supported by pictures of the artistic pieces in the various museums in Cairo that were inlaid with shell works.Section Two: Analytical study of raw materials (shells - ivory - bone) and what is shells and methods of extraction and how to use them as well as industrial methods and styles followed by decorative elements represented by badges and logos, written inscriptions, architectural elements, plant decorations and finally geometric shapes and then industrial centers and artistic styles . |
| 530 ## - ADDITIONAL PHYSICAL FORM AVAILABLE NOTE | |
| Issues CD | صدر أيضًا كقرص مدمج. |
| 546 ## - LANGUAGE NOTE | |
| Text Language | النص بالعربية والملخص باللغة الإنجليزية والعربية. |
| 650 #7 - SUBJECT ADDED ENTRY--TOPICAL TERM | |
| Topical term or geographic name entry element | أشغال الصدف |
| Source of heading or term | qrmak |
| 653 #0 - INDEX TERM--UNCONTROLLED | |
| Uncontrolled term | فنون |
| -- | أشغال الصدف |
| -- | الصدف كاري |
| 700 0# - ADDED ENTRY--PERSONAL NAME | |
| Personal name | جمال عبد الرحيم إبراهيم |
| Relator term | مشرف أطروحة. |
| 700 0# - ADDED ENTRY--PERSONAL NAME | |
| Personal name | شادية الدسوقي عبد العزيز كشك |
| Relator term | مشرف أطروحة. |
| 900 ## - Thesis Information | |
| Grant date | 01-01-2024 |
| Supervisory body | جمال عبد الرحيم إبراهيم |
| -- | شادية الدسوقي عبد العزيز كشك |
| Universities | جامعة القاهرة |
| Faculties | كلية الآثار |
| Department | قسم الآثار الإسلامية |
| 905 ## - Cataloger and Reviser Names | |
| Cataloger Name | Sara Salah |
| Reviser Names | Afaf |
| 942 ## - ADDED ENTRY ELEMENTS (KOHA) | |
| Source of classification or shelving scheme | Dewey Decimal Classification |
| Koha item type | Thesis |
| Edition | 21 |
| Suppress in OPAC | No |
| Source of classification or shelving scheme | Home library | Current library | Date acquired | Inventory number | Full call number | Barcode | Date last seen | Effective from | Koha item type |
|---|---|---|---|---|---|---|---|---|---|
| Dewey Decimal Classification | المكتبة المركزبة الجديدة - جامعة القاهرة | قاعة الرسائل الجامعية - الدور الاول | 02.12.2025 | 32774 | Cai01.14.01.M.Sc.2024.أس.ف | 01010100032774000 | 02.12.2025 | 02.12.2025 | Thesis |